000
00297nam a22001337a 4500
008
190204b xxu||||| |||| 00| 0 eng d
020
_a
9780321108050
041
_a
eng
080
_a
371
100
_a
25
101
_a
EDU
245
_a
College Success Strategies
_c
Nist, Sh. L
942
_2
udc
_c
BK
999
_c
53924
_d
53924